000 00495cam a2200193 a 4500
040 _cCSP
082 _a582 PUT 1948 A032 Or.
100 1 _aEliot, Willard Ayres,
245 1 0 _aForest trees of the Pacific Coast /
250 _aRev. ed.
260 _aNew York :
_bPutnam,
_c1948.
300 _a565 p. :
_bfront., ill., plates ;
_c21 cm.
650 0 _aTrees
650 0 _aForests and forestry
650 0 _aTrees
650 0 _aForests and forestry
700 1 _aMcLean, G. B.
942 _cEK
999 _c12128
_d12128